Stoke City Squad 2015-16 - Statistics

General Stats
  • This quiz has been taken 222 times
  • The average score is 13 of 28
Answer Stats
Hint Answer % Correct
Goalkeeper Jack Butland
96%
Forward Peter Crouch
88%
Defender Ryan Shawcross
87%
Midfielder Xherdan Shaqiri
80%
Forward Marko Arnautovic
69%
Midfielder Charlie Adam
66%
Defender Erik Pieters
66%
Forward Jonathan Walters
66%
Forward Mame Biram Diouf
64%
Midfielder Glenn Whelan
56%
Defender Glen Johnson
54%
Defender Geoff Cameron
48%
Goalkeeper Shay Given
48%
Defender Phil Bardsley
45%
Defender Marc Muniesa
44%
Midfielder Ibrahim Afellay
42%
Forward Bojan Krkic
40%
Midfielder Stephen Ireland
34%
Forward Joselu
28%
Defender Marc Wilson
28%
Goalkeeper Jakob Haugaard
26%
Forward Peter Odemwingie
23%
Defender Phillip Wollscheid
23%
Midfielder Marco Van Ginkel
14%
Midfielder Steve Sidwell
13%
Defender Andy Wilkinson
12%
Midfielder Ollie Shenton
11%
Defender Dionatan Teixeira
5%
No matching quizzes found
Score Distribution
Percent of People with Each Score
Percentile by Number Answered
Your Score History
You have not taken this quiz